Pestilence in the Philippines : (Record no. 10514)

MARC details
000 -LEADER
fixed length control field 00872nam a22002537a 4500
003 - CONTROL NUMBER IDENTIFIER
control field URS
005 - DATE AND TIME OF LATEST TRANSACTION
control field 20250430184651.0
008 - FIXED-LENGTH DATA ELEMENTS--GENERAL INFORMATION
fixed length control field 190528b ||||| |||| 00| 0 eng d
020 ## - INTERNATIONAL STANDARD BOOK NUMBER
International Standard Book Number 9711011212 (pbk)
040 ## - CATALOGING SOURCE
Language of cataloging English
Transcribing agency URS
Description conventions rda
050 00 - LIBRARY OF CONGRESS CALL NUMBER
Classification number DS663
Item number .D449 2006
100 ## - MAIN ENTRY--PERSONAL NAME
Personal name Dery, Luis Camara,
Relator term author.
245 ## - TITLE STATEMENT
Title Pestilence in the Philippines :
Remainder of title a social history of the Filipino people, 1571-1800 /
Statement of responsibility, etc Luis Camara Dery.
264 ## - PUBLICATION, DISTRIBUTION, ETC. (IMPRINT)
Place of publication, distribution, etc Quezon City :
Name of publisher, distributor, etc New Day Publishers,
Date of publication, distribution, etc ©2006.
300 ## - PHYSICAL DESCRIPTION
Extent viii, 309 pages ;
Dimensions 23 cm.
336 ## - CONTENT TYPE
Content type term text
Content type code txt
Source rdacontent
337 ## - MEDIA TYPE
Media type term unmediated
Media type code n
Source rdamedia
338 ## - CARRIER TYPE
Carrier type term volume
Carrier type code nc
Source rdacarrier
504 ## - BIBLIOGRAPHY, ETC. NOTE
Bibliography, etc Includes bibliographical references and index.
650 #0 - SUBJECT ADDED ENTRY--TOPICAL TERM
Topical term or geographic name as entry element Filipinos
General subdivision Social conditions
Chronological subdivision 1571-1800.
650 #0 - SUBJECT ADDED ENTRY--TOPICAL TERM
Topical term or geographic name as entry element Social history
Chronological subdivision 1571-1800.
651 #0 - SUBJECT ADDED ENTRY--GEOGRAPHIC NAME
Geographic name Philippines
General subdivision Civilizations.
942 ## - ADDED ENTRY ELEMENTS (KOHA)
Source of classification or shelving scheme Library of Congress Classification
Koha item type Filipiniana
Holdings
Withdrawn status Lost status Source of classification or shelving scheme Damaged status Not for loan Collection code Home library Current library Shelving location Date acquired Source of acquisition Total Checkouts Full call number Barcode Date last seen Copy number Koha item type
    Library of Congress Classification     Non-fiction Taytay College Library Taytay College Library Filipiniana Section 05/28/2019 Donation   DS663 .D449 2006 URSTAY-3425 06/02/2025 1 Filipiniana

University of Rizal System
Email us at univlibservices@urs.edu.ph

Visit our Website www.urs.edu.ph/library